<?xml version="1.0" encoding="UTF-8"?><?xml-stylesheet type="text/xsl" href="static/style.xsl"?><OAI-PMH xmlns="http://www.openarchives.org/OAI/2.0/" xmlns:xsi="http://www.w3.org/2001/XMLSchema-instance" xsi:schemaLocation="http://www.openarchives.org/OAI/2.0/ http://www.openarchives.org/OAI/2.0/OAI-PMH.xsd"><responseDate>2026-06-01T17:45:57Z</responseDate><request verb="GetRecord" identifier="oai:riuma.uma.es:10630/4716" metadataPrefix="marc">https://riuma.uma.es/rest/oai/request</request><GetRecord><record><header><identifier>oai:riuma.uma.es:10630/4716</identifier><datestamp>2026-02-03T12:34:50Z</datestamp><setSpec>com_10630_2254</setSpec><setSpec>col_10630_37957</setSpec></header><metadata><record xmlns="http://www.loc.gov/MARC21/slim" xmlns:dcterms="http://purl.org/dc/terms/" xmlns:doc="http://www.lyncode.com/xoai" xmlns:xsi="http://www.w3.org/2001/XMLSchema-instance" xsi:schemaLocation="http://www.loc.gov/MARC21/slim http://www.loc.gov/standards/marcxml/schema/MARC21slim.xsd">
   <leader>00925njm 22002777a 4500</leader>
   <datafield ind2=" " ind1=" " tag="042">
      <subfield code="a">dc</subfield>
   </datafield>
   <datafield ind2=" " ind1=" " tag="720">
      <subfield code="a">Iglesias-Sánchez, Patricia Pilar</subfield>
      <subfield code="e">author</subfield>
   </datafield>
   <datafield ind2=" " ind1=" " tag="260">
      <subfield code="c">2010</subfield>
   </datafield>
   <datafield ind2=" " ind1=" " tag="520">
      <subfield code="a">Las Spin-Off Universitarias se han convertido en uno de los mecanismos más eficaces de transferencia de resultados de investigación y tecnología desde las Universidades. El trabajo se plantea dos objetivos, por un lado, analizar el impacto de la actividad de I+D+i en términos económicos de este tipo de Empresas de Base Tecnológica y por otro, caracterizarlas. Para abordar el estudio del impacto económico se ha empleado como metodología el análisis factorial y pone de manifiesto la necesidad de adaptar los sistemas de indicadores a las particularidades de la actividad de I+D+i en este tipo de empresas ofreciendo como resultado una herramienta de medición que facilita la evaluación del peso específico de las Spin-Off. Por su parte, para su caracterización se ha aplicado un análisis clúster que identifica tres conglomerados diferentes en función del estado de desarrollo de la empresa.</subfield>
   </datafield>
   <datafield ind1="8" ind2=" " tag="024">
      <subfield code="a">9788497476195</subfield>
   </datafield>
   <datafield ind1="8" ind2=" " tag="024">
      <subfield code="a">http://hdl.handle.net/10630/4716</subfield>
   </datafield>
   <datafield tag="653" ind2=" " ind1=" ">
      <subfield code="a">Investigación científica - España - Tesis doctorales</subfield>
   </datafield>
   <datafield tag="653" ind2=" " ind1=" ">
      <subfield code="a">Tecnología - Transferencia - Tesis doctorales</subfield>
   </datafield>
   <datafield tag="653" ind2=" " ind1=" ">
      <subfield code="a">Relaciones universidad-empresa - Tesis doctorales</subfield>
   </datafield>
   <datafield ind2="0" ind1="0" tag="245">
      <subfield code="a">Las Spin-Off Universitarias como mecanismo de transferencia de tecnología y su impacto económico en base a la actividad de I+D+i</subfield>
   </datafield>
</record>
</metadata></record></GetRecord></OAI-PMH>